nwqbndiyhbfvew (Record no. 15894)

MARC details
000 -LEADER
fixed length control field 00364nam a22001337a 4500
008 - FIXED-LENGTH DATA ELEMENTS--GENERAL INFORMATION
fixed length control field 160321b xxu||||| |||| 00| 0 eng d
245 ## - TITLE STATEMENT
Title nwqbndiyhbfvew
Statement of responsibility, etc. by Juliet Changole...[et al.].
250 ## - EDITION STATEMENT
Edition statement 2nd ed.
300 ## - PHYSICAL DESCRIPTION
Extent xx, 207p.
Other physical details ill.
650 ## - SUBJECT ADDED ENTRY--TOPICAL TERM
Topical term or geographic name as entry element Music
General subdivision Social aspects
700 ## - ADDED ENTRY--PERSONAL NAME
Personal name Changole, Juliet...[et al.].
700 ## - ADDED ENTRY--PERSONAL NAME
Personal name Pembee, Peter
942 ## - ADDED ENTRY ELEMENTS (KOHA)
Source of classification or shelving scheme Library of Congress Classification
Koha item type General Collection

No items available.

Designed with assistance from East African Informatics Ltd